<?xml version="1.0" encoding="UTF-8"?>
<record
    xmlns:xsi="http://www.w3.org/2001/XMLSchema-instance"
    xsi:schemaLocation="http://www.loc.gov/MARC21/slim http://www.loc.gov/standards/marcxml/schema/MARC21slim.xsd"
    xmlns="http://www.loc.gov/MARC21/slim">

  <leader>00855nam1a22002411i 4500</leader>
  <controlfield tag="001">v19\rc\1552224</controlfield>
  <controlfield tag="005">20240726071428.0</controlfield>
  <datafield tag="035" ind1=" " ind2=" ">
    <subfield code="a">(NLR Aleph) 004666841</subfield>
  </datafield>
  <datafield tag="090" ind1=" " ind2=" ">
    <subfield code="a">3624848</subfield>
    <subfield code="c">3624848</subfield>
  </datafield>
  <datafield tag="100" ind1=" " ind2=" ">
    <subfield code="a">20060620d1889    |||y0rusy50      ca</subfield>
  </datafield>
  <datafield tag="101" ind1="0" ind2=" ">
    <subfield code="a">rus</subfield>
  </datafield>
  <datafield tag="102" ind1=" " ind2=" ">
    <subfield code="a">RU</subfield>
  </datafield>
  <datafield tag="105" ind1=" " ind2=" ">
    <subfield code="a">y   z   |||||</subfield>
  </datafield>
  <datafield tag="200" ind1="1" ind2=" ">
    <subfield code="a">&#x422;&#x440;&#x443;&#x434;&#x44B; &#x432;&#x44B;&#x441;&#x43E;&#x447;&#x430;&#x439;&#x448;&#x435; &#x443;&#x447;&#x440;&#x435;&#x436;&#x434;&#x435;&#x43D;&#x43D;&#x43E;&#x439; &#x42D;&#x43A;&#x441;&#x43F;&#x435;&#x434;&#x438;&#x446;&#x438;&#x438; &#x43F;&#x43E; &#x438;&#x441;&#x441;&#x43B;&#x435;&#x434;&#x43E;&#x432;&#x430;&#x43D;&#x438;&#x44E; &#x441;&#x442;&#x430;&#x440;&#x43E;&#x433;&#x43E; &#x440;&#x443;&#x441;&#x43B;&#x430; &#x440;. &#x410;&#x43C;&#x443;-&#x414;&#x430;&#x440;&#x44C;&#x438;</subfield>
    <subfield code="e">&#x41A;&#x43D;. 2</subfield>
    <subfield code="f">&#x41C;&#x41F;&#x421;</subfield>
  </datafield>
  <datafield tag="210" ind1=" " ind2=" ">
    <subfield code="a">&#x421;&#x430;&#x43D;&#x43A;&#x442;-&#x41F;&#x435;&#x442;&#x435;&#x440;&#x431;&#x443;&#x440;&#x433;</subfield>
    <subfield code="d">1889</subfield>
  </datafield>
  <datafield tag="215" ind1=" " ind2=" ">
    <subfield code="d">27</subfield>
  </datafield>
  <datafield tag="710" ind1="1" ind2="2">
    <subfield code="a">&#x42D;&#x43A;&#x441;&#x43F;&#x435;&#x434;&#x438;&#x446;&#x438;&#x44F; &#x43F;&#x43E; &#x438;&#x441;&#x441;&#x43B;&#x435;&#x434;&#x43E;&#x432;&#x430;&#x43D;&#x438;&#x44E; &#x441;&#x442;&#x430;&#x440;&#x43E;&#x433;&#x43E; &#x440;&#x443;&#x441;&#x43B;&#x430; &#x440;&#x435;&#x43A;&#x438; &#x410;&#x43C;&#x443;-&#x414;&#x430;&#x440;&#x44C;&#x438;</subfield>
    <subfield code="f">1879-1883</subfield>
  </datafield>
  <datafield tag="801" ind1=" " ind2="0">
    <subfield code="a">RU</subfield>
    <subfield code="b">NLR</subfield>
    <subfield code="g">psbo</subfield>
  </datafield>
  <datafield tag="801" ind1=" " ind2="0">
    <subfield code="a">RU</subfield>
    <subfield code="b">RuMoRGB</subfield>
    <subfield code="2">psbo</subfield>
  </datafield>
  <datafield tag="801" ind1=" " ind2="1">
    <subfield code="a">RU</subfield>
    <subfield code="b">ProSoft-M</subfield>
    <subfield code="2">rusmarc</subfield>
  </datafield>
  <datafield tag="852" ind1=" " ind2=" ">
    <subfield code="a">NLR</subfield>
    <subfield code="j">37.5.3.63(1)</subfield>
  </datafield>
  <datafield tag="899" ind1=" " ind2=" ">
    <subfield code="a">&#x41D;&#x411; &#x421;&#x41F;&#x431;&#x413;&#x423;</subfield>
  </datafield>
  <datafield tag="942" ind1=" " ind2=" ">
    <subfield code="c">BOOK</subfield>
  </datafield>
</record>
